00984cam a2200253 a 450000100100000000500170001000800410002702000150006804000250008304100130010808200180012110000370013924000290017624501760020526000370038130000210041850400330043953400370047260000550050965000560056465000600062070000250068070000250070500000379320200929150554.0810313s1986 ag b 001 f spa  a9509097594 aDO-SdBNPbspacBNPHU17aSpahEng a813.54bR845P1 aPaterson, Judith Hillman,d1936-10aPhilip Roth.lEspañol.10aPhilip Roth o el placer de escribir :bun novelista entre el "mundo escrito" y el "mundo real" /cJudith Paterson Jones y Guinevera A. Nance ; traducción, Aníbal Leal. aBuenos Aires :bFraterna,c1986. a179 p. ;c20 cm. aBibliografías: p. 175-178. aTítulo original:tPhilip Roth.10aROTH, PHILIPd1933-xCRÍTICA E INTERPRETACIÓN. 4aNovela estadounidensexCrítica e interpretación 4aLiteratura estadounidensexCrítica e interpretación1 aNance, Guinevera A.,1 aLeal, Aníbal,etr.